Géographie des Etats-Unis - Extrême - 1 - Statistiques

Statistiques générales
  • Ce quiz a été pris 7 fois
  • Le résultat moyen est 4 sur 20
Statistiques - réponses
Hint Réponse % Correct
Etat dans lequel se trouve le Mont Rushmore Dakota du Sud
86%
Lac à la frontière entre le Minnesota, l'Ontario et le Manitoba Lac des Bois
43%
Capitale la moins peuplée Montpelier
43%
Chaîne de montagnes dans laquelle se trouve le Mont Rushmore Black Hills
29%
Plus grande île de l'Alaska Ile Kodiak
29%
Point culminant du Maine et extrémité septentrionale du sentier des Appalaches Mont Katahdin
29%
Parc national le plus visité, situé dans le Tennessee Parc national des Great Smoky Mountains
29%
Péninsule au nord-ouest de l'Etat de Washington Péninsule Olympique
29%
Plus hautes chutes d'eau des chutes du Niagara Chutes du Fer-à-Cheval
14%
Détroit séparant la péninsule inférieure du Michigan de la péninsule supérieure Détroit de Mackinac
14%
Plus grande île du lac Supérieur Isle Royale
14%
Lac traversé par une chaussée de 38 km Lac Pontchartrain
14%
Deux plus grandes îles du Massachusetts et destinations touristiques renommées Nantucket
14%
Localité la plus septentrionale des Etats-Unis Utqiagvik (Barrow)
14%
Seul Etat possédant deux corridors (panhandle) Virginie-Occidentale
14%
Archipel au large de la côte sud-ouest de la Californie Channel Islands
0%
Détroit séparant cette péninsule de l'île de Vancouver Détroit de Juan de Fuca
0%
Monolithe devenu le premier monument national en 1906 Devil's Tower
0%
Martha's Vineyard
0%
Site archéologique millénaire situé en Louisiane Poverty Point
0%
Aucun quiz correspondant
Distribution des résultats
% des personnes avec chaque résultat
Percentile par nombre de réponses
Votre historique - résultats
Vous n’avez pas pris ce quiz